Österreichische Flüsse auf einer Karte - Statistiken

Allgemein
  • Dieses Quiz wurde 6.546 mal gespielt
    6.280 seit der letzten Aktualisierung
  • Das Durchschnittsergebnis liegt bei 11 aus 30
Antworten auf der Karte
Die Antworten werden auf der Karte rot bzw. grün angezeigt, abhängig davon wie oft sie richtig erraten wurden.
 
Antwortstatistiken
Länge km Fluss % Korrekt
2857 Donau
99%
517 Inn
93%
1233 Rhein
70%
88 Salza
64%
749 Drau
61%
453 Mur
60%
225 Salzach
59%
292 Isar
49%
256 Lech
48%
254 Enns
46%
235 Thaya
40%
153 Traun
40%
138 Ybbs
38%
180 Leitha
32%
75 Ill
31%
98 Mürz
26%
122 Gail
24%
358 March
23%
250 Raab
23%
153 Kamp
21%
56 Ziller
20%
157 Gurk
19%
80 Traisen
19%
62 Schwechat
17%
72 Lavant
16%
84 Möll
14%
114 Lafnitz
13%
94 Pinka
11%
38 Wulka
9%
208 Lainsitz
8%
Keine übereinstimmenden Quizze gefunden
Verteilung der Resultate
Anzahl Personen mit jedem Resultat
Perzentil nach korrekt beantworteten Fragen
Ihre Resultats-Entwicklung
Sie haben dieses Quiz seit der letzten Aktualisierung nicht gespielt